000 01943cam a22002414a 4500
005 20250605164143.0
008 250528s ||||||||||||||||||||||||d
035 _a19032
020 _a9600209162
040 _aGR-AtMCL
_bgre
_dGR-AtMCL
_eAACR2
245 1 _aΔιεθνές Εμπόριο και Πληρωμές.
_nΒ' Τόμος: 5η Έκδοση
250 _a
260 _bΠαπαζήση,
_c1992
300 _a504
520 _aΙσοζύγιο Πληρωμών και Εισόδημα και Χρήμα, Το Ισοζύγιο και η Συνναλαγματική Οικονομία, Εθνικό Εισόδημα και Ισοζύγιο Εμπορίου, Προσφορές Χρήματος και Επίπεδα Τιμών και Ισοζύγιο Πληρωμών, Λιγότερο Ανεπτυγμένες Χώρες και Άλλες Μικρές Ανοιχτές Οικονομίες με μη Εμπορεύσιμα Αγαθ΄σ, Διεθνείς Χρηματοπιστωτικές Αγορές και οι Μακροοικονομικές Επιπτώσεις τους, Η Διεθνοποίηση των Χρηματοπιστωτικών Αγορών, Δημοσιονομική και Νομισματική Πολιτική με Διεθνή Κινητικότητα Κεφαλαίων, Αλληλεξάρτηση και Συνολική Προσφορά και Συντονισμός Πολιτικής, Προσδοκίες και Χρήμα και Προσδιορισμός της Συναλλαγματικής Ισοτιμίας, Πρόβλεψη και Κίνδυνος της Συναλλαγματικής Ισοτιμίας, Συμπληρώματα Επιλεγμένων Κεφαλαίων.
700 1 _aCaves Richard E
_91679
700 1 _aFrankel Jeffrey A
_94720
700 1 _aJones Ronald W
_94721
700 1 _aΣαρρής Α.Ι
_94722
942 _cBK
999 _c4317
_d4317